|
|
|
|
| LEADER |
01095nam a2200265 i 4500 |
| 001 |
c000234816 |
| 003 |
CARM |
| 005 |
00000000000000.0 |
| 008 |
840229s1977 nyu 0 eng d |
| 019 |
1 |
|
|a 770193
|5 LACONCORD2021
|
| 020 |
|
|
|a 0801410355
|
| 035 |
|
|
|a (OCoLC)2597080
|5 LACONCORD2021
|
| 082 |
0 |
4 |
|a 332.1/1/0973
|
| 100 |
1 |
|
|a West, Robert Craig,
|d 1947-
|
| 245 |
1 |
0 |
|a Banking reform and the Federal Reserve, 1863-1923 /
|c Robert Craig West.
|
| 260 |
|
|
|a Ithaca :
|b Cornell University Press,
|c 1977.
|
| 300 |
|
|
|a 243 p. :
|b graphs ;
|c 24 cm.
|
| 504 |
|
|
|a Bibliography: p. [231]-239.
|
| 650 |
|
0 |
|a Federal Reserve banks
|x History.
|
| 650 |
|
0 |
|a Banks and banking
|z United States
|x History.
|
| 852 |
8 |
|
|b CARM
|h A2:AR19A0
|i B07120
|p 0361243
|f BK
|
| 852 |
8 |
|
|b CARM
|h A1:AM34F0
|i B09765
|p 0441449
|f BK
|
| 999 |
f |
f |
|i 3d66ce8d-820f-54cb-b096-ba1a0d35511b
|s f93935ca-64fd-5090-b986-015e76ee158f
|
| 952 |
f |
f |
|p Can circulate
|a CAVAL
|b CAVAL
|c CAVAL
|d CARM 1 Store
|e B07120
|f A2:AR19A0
|h Other scheme
|i book
|m 0361243
|
| 952 |
f |
f |
|p Can circulate
|a CAVAL
|b CAVAL
|c CAVAL
|d CARM 1 Store
|e B09765
|f A1:AM34F0
|h Other scheme
|i book
|m 0441449
|